| 000 | 00667nam a2200277Ia 4500 | ||
|---|---|---|---|
| 005 | 20260324145329.0 | ||
| 008 | 008 260324s9999 xx 000 0 eng d | ||
| 020 | _a9780203381380 | ||
| 037 | _aEBOOK | ||
| 040 | _aCRL | ||
| 040 | _beng | ||
| 040 | _cCRL | ||
| 041 | _2eng | ||
| 041 | _aeng | ||
| 084 | _qCRL | ||
| 100 |
_aDenis MacEoin; Ahmed Al-Shahi _91222583 |
||
| 245 | 0 | _aIslam in the Modern World (RLE Politics of Islam) | |
| 260 | _bTaylor and Francis | ||
| 260 | _c1983 | ||
| 365 | _a | ||
| 365 | _b180 | ||
| 856 | _uhttp://www.taylorfrancis.com/books/9780203381380 | ||
| 942 | _cEBOOK | ||
| 999 |
_c1830334 _d1830334 |
||